Perspectives in library and information science : (Record no. 136903)
[ view plain ]
| 000 -LEADER | |
|---|---|
| fixed length control field | 00765nam a22002297a 4500 |
| 010 ## - LIBRARY OF CONGRESS CONTROL NUMBER | |
| LC control number | A-109957 |
| 035 ## - SYSTEM CONTROL NUMBER | |
| System control number | A-109957 |
| 037 ## - SOURCE OF ACQUISITION | |
| Source of stock number/acquisition | Cen Lib / Ret |
| 040 ## - CATALOGING SOURCE | |
| Original cataloging agency | DPL |
| Language of cataloging | En |
| 082 ## - DEWEY DECIMAL CLASSIFICATION NUMBER | |
| Classification number | 020 |
| Item number | AGA |
| 245 ## - TITLE STATEMENT | |
| Title | Perspectives in library and information science : |
| Remainder of title | Viswanathan festschrift / |
| Statement of responsibility, etc | edited by S. N. Agarwal, R. R. Khan [and] N.R. Satyanarayana |
| 260 ## - PUBLICATION, DISTRIBUTION, ETC. (IMPRINT) | |
| Place of publication, distribution, etc | Lucknow |
| Name of publisher, distributor, etc | Print House India |
| Date of publication, distribution, etc | 1982 |
| 270 ## - ADDRESS | |
| Address | 5, Tej Bahadur Sapru Marg |
| City | Lucknow |
| 300 ## - PHYSICAL DESCRIPTION | |
| Extent | v 1. 408p ; |
| Dimensions | 24cm(Hb) |
| 650 ## - SUBJECT ADDED ENTRY--TOPICAL TERM | |
| Topical term or geographic name as entry element | Library science -- India. |
| 650 ## - SUBJECT ADDED ENTRY--TOPICAL TERM | |
| Topical term or geographic name as entry element | Information science -- India. |
| 650 ## - SUBJECT ADDED ENTRY--TOPICAL TERM | |
| Topical term or geographic name as entry element | Information services -- India. |
| 700 ## - ADDED ENTRY--PERSONAL NAME | |
| Personal name | Agarwal, S. N. |
| 700 ## - ADDED ENTRY--PERSONAL NAME | |
| Personal name | Khan, R. R. |
| 700 ## - ADDED ENTRY--PERSONAL NAME | |
| Personal name | Satyanarayana, N. R. |
| 942 ## - ADDED ENTRY ELEMENTS (KOHA) | |
| Source of classification or shelving scheme | Dewey Decimal Classification |
| Koha item type | English Books |
| Classification part | 020 |
| Call number suffix | AGA |
| Withdrawn status | Lost status | Materials specified (bound volume or other part) | Damaged status | Not for loan | Home library | Current library | Date acquired | Source of acquisition | Total Checkouts | Full call number | Barcode | Date last seen | Copy number | Price effective from | Koha item type |
|---|---|---|---|---|---|---|---|---|---|---|---|---|---|---|---|
| v 1 | Central Library | Central Library | 11/03/2016 | Cen Lib/Ret | 020 AGA | A-109957 | 11/03/2016 | 1 | 11/03/2016 | English Books | |||||
| v 1 | Central Library | Central Library | 18/03/2016 | Cen Lib/Ret | 020 AGA | A-226984 | 18/03/2016 | 1 | 18/03/2016 | English Books |
